Csak komolyan érdemes futballozni Németh Szilárd: "Nem érzem magam kivételesnek ..."

Podrobná bibliografia
Hlavní autori: Tomi, Vince, 1937- (ain), Németh, Szilárd, 1977- (Autor, uin)
Médium: Článok
Jazyk:maďarčina
Fyzický popis:Fotogr.
Predmet:

MARC

LEADER 00000nab a2200000 a 4500
001 vtls000744875
003 SK-MaSNL
005 20260319074347.0
008 160322c2000 xo 0 hun
015 |a SNBRB2001/01-03765 
035 |a CLN000096711 
040 |a SNKBUCL  |b slo  |c SNKBUCL  |e AACR2 
041 0 |a hun 
044 |a xo  |c SK 
080 |a 796.332.071(437.6)  |2 UDC-MRF-SK2 
080 |a 929 Németh, Szilárd  |2 UDC-MRF-SK2 
100 1 |a Tomi, Vince,  |d 1937-  |4 ain  |9 842764 
245 1 0 |a Csak komolyan érdemes futballozni  |b Németh Szilárd: "Nem érzem magam kivételesnek ..."  |c Tomi Vince 
300 |b Fotogr. 
600 1 7 |a Németh, Szilárd,  |d 1977-  |2 snkbucl  |9 109552 
655 7 |a články z novín a časopisov  |2 snkbucl  |9 267496 
700 1 |a Németh, Szilárd,  |d 1977-  |4 aut  |4 uin  |9 109552 
773 0 |t Vasárnap  |g Roč. 33, č. 51-52 (2000), s. 31 
850 |a Slovenská národná knižnica v Martine 
852 |a SNK  |b KIS3GCP 
958 |a HU 
958 |a SK 
958 |a BX 
958 |a RBX 
999 |c 1442238  |d 1444168